[Event "Zlin Region-chT 2223"]
[Site "Czech Republic"]
[Date "2022.11.13"]
[Round "3.5"]
[White "Shanel, Jaroslav"]
[Black "Hobza, Vojtech"]
[Result "1-0"]
[WhiteElo "2056"]
[BlackElo "1616"]
[PlyCount "37"]
[EventDate "2022.10.09"]
[EventType "team-tourn"]
[EventRounds "11"]
[EventCountry "CZE"]
[SourceTitle "EXT 2024"]
[Source "ChessBase"]
[SourceDate "2023.10.10"]
[SourceVersion "1"]
[SourceVersionDate "2023.10.10"]
[SourceQuality "1"]
[WhiteTeam "Stare Mesto II"]
[BlackTeam "Zlin Malenovice"]
[WhiteTeamCountry "CZE"]
[BlackTeamCountry "CZE"]

1. e4 e6 2. Bb5 a6 3. Ba4 b5 4. Bb3 Bb7 5. d3 Nf6 6. Nf3 c5 7. e5 Nd5 8. c4 Nb4 9. Nc3 Qb6 10. 0-0 d5 11. cxd5 Nxd5 12. Nxd5 exd5 13. e6 f6 14. Nh4 Nc6 15. Qh5+ Kd8 16. Qxd5+ Kc8 17. Qd7+ Kb8 18. Bf4+ Ka7 19. Bc7 1-0